000 00842nam a2200265Ia 4500
003 GCL
008 140319s9999 xx 000 0 ara d
040 _aGCL /
_cGCL
082 0 4 _a392.293
_bف ظ
100 1 _aفؤاد بسيونى
245 1 0 _aظاهرة أنتشار وأدمان المخدرات دراسة لأبعاد المشكلة /
_cفؤاد بسيونى
700 1 _aفؤاد بسيونى متولى
260 _a[S.N] :
_bدار المعرفة الجامعية ،
_c1988
300 _a147 ص
490 _a
650 0 4 _aالمجتمع
650 0 4 _aالمخدرات
650 0 4 _aالاجتماع
650 0 4 _aالعلاج النفسى
650 0 4 _aعلم النفس الاجتماعى
650 0 4 _aالادمان والشباب
650 0 4 _aالخمور
650 0 4 _aالادمان
942 _2ddc
_cBK
999 _c32484
_d32484